| 000 | 00514nam a2200181 i 4500 | ||
|---|---|---|---|
| 001 | 35234 | ||
| 003 | ES-MaACL | ||
| 007 | t| | ||
| 008 | 030212s1982 fr ||||1| fre d | ||
| 100 | 1 |
_aBoltanski, Luc. _930011 |
|
| 245 | 1 | 4 |
_aLes cadres _b: la formation d'un grouppe social / _cLuc Boltanski. |
| 260 |
_aParĂs : _bEditions de Minuit, _c[1982] |
||
| 300 |
_a523 p. ; _c22 cm. |
||
| 490 | 1 | _aLe sens commun | |
| 830 | 0 |
_aLe sens commun _9177400 |
|
| 852 |
_aES-MaACL _jL-8014 _bR.108627 |
||
| 999 |
_c35234 _d35234 |
||